Business english : (Record no. 103288)

MARC details
000 -LEADER
fixed length control field 00571nam a22001817a 4500
005 - DATE AND TIME OF LATEST TRANSACTION
control field 20160912122437.0
010 ## - LCCN (DPL NO)
LC control number ENG-115993
020 ## - INTERNATIONAL STANDARD BOOK NUMBER
International Standard Book Number 9789350571736
Terms of availability 225.00
035 ## - SYSTEM CONTROL NUMBER
System control number EN-99525
037 ## - SOURCE OF ACQUISITION
Source of stock number/acquisition DBAD/PUB
082 ## - DEWEY DECIMAL CLASSIFICATION NUMBER
Classification number 651.7
100 ## - MAIN ENTRY--PERSONAL NAME
Personal name Bhalla,Prem P.
245 ## - TITLE STATEMENT
Title Business english :
Statement of responsibility, etc by Archana Mathur
Remainder of title a complete reference manual for efective business communication /
260 ## - PUBLICATION, DISTRIBUTION, ETC. (IMPRINT)
Date of publication, distribution, etc 2016
Place of publication, distribution, etc New Delhi
Name of publisher, distributor, etc 110002
270 ## - ADDRESS
Address F-2/16, Ansari road, Daryaganj
City New Delhi
Postal code 110002
300 ## - PHYSICAL DESCRIPTION
Dimensions 24cm(pbk)
Extent 263p.
942 ## - ADDED ENTRY ELEMENTS (KOHA)
Item type English Books
Source of classification or shelving scheme Dewey Decimal Classification
Classification part 651.7
Call number suffix BHA
Holdings
Withdrawn status Lost status Not for loan Collection code Home library Current library Date acquired Source of acquisition Cost, normal purchase price Full call number Barcode Copy number Cost, replacement price Koha item type
      Non-fiction Bawana Bawana 12/09/2016 DBAD/PUB 225.00 651.7 BHA EN-99525 1 225.00 English Books

© Delhi Public Library
Hit Counter
free hit counter